00542cam a2200157 a 450000100100000000500170001000800410002704000250006808200160009310000300010924501240013926000440026330000210030765000260032865000300035400000434820200929151428.0980212s1960 xxu 000 0 eng d aDO-SdBNPbspacBNPHU a812.4bJ27h1 aJames, Henry,d1843-1916.10aHenry James Guy Domville :bplay in three acts /cHenry James; comentario de Bernard Shaw, H.G. Wells y Arnold Bennett. aPhiladelphia :bJ.B. Lippincott,c1960. a220 p. ;c18 cm. 4aTeatro estadounidense 4aLiteratura estadounidense